Statistics for Countries With Ongoing Conflicts Today

Click here to take the quiz!

General Stats

  • This quiz has been taken 269 times
  • The average score is 21 of 29

Answer Stats

Countries InvolvedType% Correct
Ukraine, RussiaTerritorial Disputes
97%
SyriaCivil War
93%
India, PakistanInterstates
92%
United States, IranInterstates
91%
China, Vietnam, PhilippinesTerritorial Disputes
90%
China, TaiwanTerritorial Disputes
89%
China, JapanTerritorial Disputes
87%
IraqCivil War
86%
United States, North KoreaInterstates
85%
AfghanistanCivil War
83%
YemenCivil War
81%
SomaliaTerrorism
79%
Israel, (Palestine)Territorial Disputes
74%
D.R. CongoPolitical Instability
73%
LibyaCivil War
73%
South SudanCivil War
72%
NigeriaSectarian
69%
EthiopiaPolitical Instability
66%
MexicoCriminal
66%
MyanmarSectarian
65%
PakistanTerrorism
65%
MaliTerrorism
64%
TurkeyTerritorial Disputes
64%
Armenia, AzerbaijanTerritorial Disputes
60%
VenezuelaPolitical Instability
58%
EgyptPolitical Instability
55%
LebanonPolitical Instability
54%
Central African RepublicSectarian
51%
Sri LankaPolitical Instability
25%

Score Distribution

Percentile by Number Answered

Percent of People with Each Score

Your Score History

You have not taken this quiz